A-Z: words ending in X - Statistics

General Stats
  • This quiz has been taken 53 times
  • The average score is 16 of 26
Answer Stats
Initial letter Clue Word ending in X % Correct
B Handy container usually with a cuboid shape Box
98%
F Orange mammal Fox
98%
I Alphabetical list of contents Index
98%
W Material used to make candles Wax
98%
E Former lover Ex
95%
J Music-selecting machine some establishments used to have Jukebox
95%
A Shape of roof of most houses; highest point Apex
91%
R To take it easy Relax
88%
S A number Six
86%
X Photocopy Xerox
86%
V A whirling mass of fluid or air Vortex
79%
D Term used to imply removal of unwanted substances from the body Detox
77%
H To curse Hex
74%
M Type of 2-dimensional grid system in mathematics Matrix
63%
C Essential part of, nub Crux
60%
K To participate in a certain combat sport Kickbox
60%
O Silicate mineral, similar to agate Onyx
60%
L Flap in a door for posting mail Letterbox
56%
U Non-standard, unusual Unorthodox
33%
P The effect that distant objects seem to be moving slower than nearby ones, as seen by a moving observer Parallax
28%
Z Small axe used for cutting roof slates Zax
28%
N Part of the brain involved in higher-order functions Neocortex
26%
Q A building split into four apartments Quadruplex
21%
T Cause (someone) to become motionless with astonishment Transfix
21%
G A salmon dish Gravlax
19%
Y Old spelling of the genus of woodpecker which includes the wryneck Yunx
7%
No matching quizzes found
Score Distribution
Percent of People with Each Score
Percentile by Number Answered
Your Score History
You have not taken this quiz